| 000 | 00429 a2200145 4500 | ||
|---|---|---|---|
| 005 | 20250627071754.0 | ||
| 020 | _a978-9976-78-076-5 | ||
| 082 | _a336.41 NBA | ||
| 111 | _aNBAA | ||
| 245 | _aC4 Public Finance and Taxation II : Study Text | ||
| 260 |
_aDar es salaam, _bGet Through Guides, _c2014. |
||
| 300 |
_a234p.: ill.; _bindex, _c29cm. |
||
| 856 |
_yAccess Online Book _fTaxation _dwww.GetThroughGuides.com |
||
| 942 |
_2ddc _cBKS |
||
| 999 |
_c5493 _d5493 |
||